000 01119nkm a2200265 i 4500
001 4143
003 ES-MaACL
005 20250713062934.0
007 khrbo
008 070628s1987 sp --- g |001||spa d
100 0 _aAlfonso,
_d1902-1990
_919858
245 1 0 _aConcierto de piano por Rosa Antonelli [
_hFotografía] /
_cAlfonso (sello).
260 _a[S.l. :
_bs.n.],
_c1987.
300 _a2 fot. :
_bb. y n. ;
_c12 x 18 cm.
500 _aDatos basados en invitación.
511 0 _aInterviene: Rosa Antonelli.
518 _aActo organizado por la Sección de Música del Ateneo de Madrid en colaboración con la Embajada de la República Argentina, celebrado en el salón de actos el sábado, 14 de noviembre de 1987, a las 20:00 h.
600 1 4 _aAntonelli, Rosa.
_921967
610 2 4 _aAteneo de Madrid-
_xActos culturales-
_y1987-
_vFotografías.
_91902
710 2 _aAteneo de Madrid.
_91875
710 1 _aArgentina.
_bEmbajada (España)
_91478
852 _aES-MaACL
_jFOT 208/1987
856 4 _uhttp://www.ateneodemadrid.net/biblioteca_digital/imagenes/1987/0208-1987.jpg
_zVer imagen
999 _c4143
_d4143